000 00769nam a2200253Ia 4500
003 OSt
005 20220923223352.0
006 a|||||r|||| 00| 0
007 ta
008 220922b |||||||| |||| 00| 0 hin d
024 _a213,995
037 _cTextual
040 _aARTS
_cARTS
_bhin
041 _2hin
_ahin
082 _aO152,3M83:g, M4
100 _aमनोहर लाल
245 0 _aगुलेरी साहित्यालोक
246 _aGulerī sāhityāloka
260 _aदिल्ली
_b किताबघर
_c1984
300 _a367 पृ.
_ccm.
650 _aहिन्दी साहित्य
_9156264
942 _hO152,3M83:g, M4
_cTEXL
_2CC
999 _c364203
_d364203